Fightin' in the Rain Quiz Stats

 Plays Quiz Updated Jul 2, 2019

Score 0/20 Timer 07:00
6 Plays Today
% Correct
Star Wars - Episode II: Attack of the Clones
90.8%
Pirates of the Caribbean: At World's End
89.7%
Saving Private Ryan
88.9%
The Lord of the Rings: The Two Towers
88.4%
Robin Hood
88.1%
The Matrix Revolutions
86.6%
300: Rise of an Empire
85.9%
Hercules
85.8%
John Wick
83.7%
Batman v Superman: Dawn of Justice
80.4%
% Correct
Beauty and the Beast
76.1%
The Last Samurai
74.3%
Pacific Rim
53.3%
The Great Mouse Detective
53%
Seven Samurai
45.5%
Jack Reacher
41%
The Outsiders
39.9%
The Equalizer
38.4%
Thor
26.5%
Lethal Weapon
24.9%

You're not logged in!

Compare scores with friends on all Sporcle quizzes.
OR
Log In

Sporcle TV

Today on Sporcle TV


Watch our educational content, quiz creation guides, and fun videos on Sporcle TV.

Show Comments

Extras

Top Quizzes Today


Score Distribution

Your Account Isn't Verified!

In order to create a playlist on Sporcle, you need to verify the email address you used during registration. Go to your Sporcle Settings to finish the process.

Report this User

Report this user for behavior that violates our Community Guidelines.

Details: